| 000 | 00347nam a2200133Ia 4500 | ||
|---|---|---|---|
| 008 | 220204s9999 xx 000 0 und d | ||
| 082 |
_a634 _bHOR.20 |
||
| 245 | 0 | _aHorticultural reviews V.20 | |
| 260 |
_aNew York _bJohn Wiley & Sons _c1997 |
||
| 650 | _aFruit texture | ||
| 650 | _aMagnetic resonance imaging | ||
| 700 | _aJanick, J | ||
| 942 | _cBK | ||
| 999 |
_c41387 _d41387 |
||